<?xml version="1.0" encoding="UTF-8"?>
<record
    xmlns:xsi="http://www.w3.org/2001/XMLSchema-instance"
    xsi:schemaLocation="http://www.loc.gov/MARC21/slim http://www.loc.gov/standards/marcxml/schema/MARC21slim.xsd"
    xmlns="http://www.loc.gov/MARC21/slim">

  <leader>01039nam a22002417a 4500</leader>
  <datafield tag="952" ind1=" " ind2=" ">
    <subfield code="0">0</subfield>
    <subfield code="1">0</subfield>
    <subfield code="4">0</subfield>
    <subfield code="7">0</subfield>
    <subfield code="a">11</subfield>
    <subfield code="b">11</subfield>
    <subfield code="d">2017-07-17</subfield>
    <subfield code="l">9</subfield>
    <subfield code="o">BF576 B37 2014</subfield>
    <subfield code="p">11 013329</subfield>
    <subfield code="r">2026-05-12</subfield>
    <subfield code="s">2026-05-11</subfield>
    <subfield code="t">1</subfield>
    <subfield code="w">2017-07-17</subfield>
    <subfield code="y">LB</subfield>
  </datafield>
  <datafield tag="999" ind1=" " ind2=" ">
    <subfield code="c">102323</subfield>
    <subfield code="d">102323</subfield>
  </datafield>
  <controlfield tag="008">170717s2014    mx a|||| |||| 00| 0 spa d</controlfield>
  <datafield tag="020" ind1=" " ind2=" ">
    <subfield code="a">9786079346249</subfield>
  </datafield>
  <datafield tag="050" ind1=" " ind2=" ">
    <subfield code="a">BF576</subfield>
    <subfield code="b">B37 2014</subfield>
  </datafield>
  <datafield tag="100" ind1=" " ind2=" ">
    <subfield code="a">Barocio Rosa</subfield>
    <subfield code="e">autor</subfield>
  </datafield>
  <datafield tag="245" ind1=" " ind2=" ">
    <subfield code="a">Disciplina con amor tus emociones</subfield>
    <subfield code="b">: soltando lo que te estorba</subfield>
    <subfield code="c">/ Rosa Barocio</subfield>
  </datafield>
  <datafield tag="246" ind1=" " ind2=" ">
    <subfield code="b">: soltando tus emociones (en portada)</subfield>
  </datafield>
  <datafield tag="250" ind1=" " ind2=" ">
    <subfield code="a">2a. edici&#xF3;n</subfield>
  </datafield>
  <datafield tag="260" ind1=" " ind2=" ">
    <subfield code="a">M&#xE9;xico</subfield>
    <subfield code="b">: Pax</subfield>
    <subfield code="c">, 2014</subfield>
  </datafield>
  <datafield tag="300" ind1=" " ind2=" ">
    <subfield code="a">xii, 143 p&#xE1;ginas</subfield>
    <subfield code="b">: ilustraciones, ejercicios</subfield>
  </datafield>
  <datafield tag="500" ind1=" " ind2=" ">
    <subfield code="a">Incluye Introducci&#xF3;n (pp.xi-xii), Conclusi&#xF3;n (p.143), Acerca de la uatora (p.145)</subfield>
  </datafield>
  <datafield tag="505" ind1=" " ind2=" ">
    <subfield code="a">Con&#xF3;cete mejor a trav&#xE9;s de los temperamentos  
&#xA1;Fuera de mi mochila! C&#xF3;mo soltar lo que limita mi crecimiento personal  
&#xA1;Lo que si quiero dentro de mi mochila!  Todo lo que me impulsa y anima a crecer</subfield>
  </datafield>
  <datafield tag="519" ind1=" " ind2=" ">
    <subfield code="a"> </subfield>
    <subfield code="d"> </subfield>
  </datafield>
  <datafield tag="650" ind1=" " ind2="0">
    <subfield code="a">CALIDAD DE VIDA (PSICOLOG&#xCD;A) </subfield>
  </datafield>
  <datafield tag="650" ind1=" " ind2="0">
    <subfield code="a">INTELIGENCIA EMOCIONAL</subfield>
  </datafield>
  <datafield tag="650" ind1=" " ind2="0">
    <subfield code="a">AUTOESTIMA</subfield>
  </datafield>
  <datafield tag="942" ind1=" " ind2=" ">
    <subfield code="c">LB</subfield>
  </datafield>
</record>
